Từ điển cho người dùng internet Anh - Anh - Việt

Na minha lista:
Detalhes bibliográficos
Autor principal: Hoàng Phương (Chủ biên)
Outros Autores: Châu Thiên Cường, Nguyễn Đức Thành
Formato: Livro
Publicado em: H. Thống Kê 2001
Assuntos:
Tags: Adicionar Tag
Sem tags, seja o primeiro a adicionar uma tag!
Thư viện lưu trữ: Trung tâm Học liệu Lê Vũ Hùng, Trường Đại học Đồng Tháp
LEADER 00873pam a22002658a 4500
001 00021135
005 20171026081025.0
008 110522s2001 ||||||Viesd
020 |c 65000 
041 0 # |a Vie-Eng 
082 1 4 |a 004.760 2  |b T550Đ 
100 0 # |a Hoàng Phương  |e Chủ biên 
245 0 0 |a Từ điển cho người dùng internet  |b Anh - Anh - Việt  |c Hoàng Phương, Trần Văn Tư 
260 # # |a H.  |b Thống Kê  |c 2001 
300 # # |a 727 tr.  |c 21 cm. 
650 # 4 |a Tiếng Anh 
650 # 4 |a Từ điển 
650 # 4 |a Tiếng Việt 
653 # # |a Internet 
700 0 # |a Châu Thiên Cường 
700 0 # |a Nguyễn Đức Thành 
852 # # |j KD.0006809 
852 # # |b Kho đọc  |j KD.0006809 
910 0 # |a kìm  |d 22/05/2011 
980 # # |a Trung tâm Học liệu Lê Vũ Hùng, Trường Đại học Đồng Tháp